¡Solo! (Record no. 115324)

MARC details
000 -LEADER
campo de control de longitud fija 00766nam a2200229 i 4500
001 - NÚMERO DE CONTROL
campo de control 115324
003 - IDENTIFICADOR DE NÚMERO DE CONTROL
campo de control ES-MaACL
005 - FECHA Y HORA DE LA ÚLTIMA TRANSACCIÓN
campo de control 20231226202707.0
007 - CAMPO FIJO DE DESCRIPCIÓN FÍSICA--INFORMACIÓN GENERAL
campo de control de longitud fija t|
008 - DATOS DE LONGITUD FIJA--INFORMACIÓN GENERAL
campo de control de longitud fija 070305s1899 sp ||||1| spa d
100 1# - ENTRADA PRINCIPAL--NOMBRE DE PERSONA
Nombre de persona Palacio Valdés, Armando,
Fechas asociadas al nombre 1853-1938
9 (RLIN) 88382
245 11 - MENCIÓN DEL TÍTULO
Título ¡Solo!
Resto del título : novela ; [El pájaro en la nieve ; ilustraciones de Cesáreo Villar] /
Mención de responsabilidad, etc. A. Palacio Valdés ; ilustraciones de R. París.
260 ## - PUBLICACIÓN, DISTRIBUCIÓN, ETC.
Lugar de publicación, distribución, etc. Madrid :
Nombre del editor, distribuidor, etc. B. Rodríguez Serra,
Fecha de publicación, distribución, etc. 1899.
300 ## - DESCRIPCIÓN FÍSICA
Extensión 98 p. :
Otras características físicas il. ;
Dimensiones 13 cm.
490 1# - MENCIÓN DE SERIE
Mención de serie Biblioteca Mignon ;
Designación de volumen o secuencia 2
500 ## - NOTA GENERAL
Nota general Retrato de autor.
700 1# - ENTRADA AGREGADA--NOMBRE PERSONAL
Nombre de persona París, R.
9 (RLIN) 89142
700 1# - ENTRADA AGREGADA--NOMBRE PERSONAL
Nombre de persona Villar, Cesáreo.
9 (RLIN) 153745
830 0# - PUNTO DE ACCESO ADICIONAL DE SERIE-TÍTULO UNIFORME
Título uniforme Biblioteca Mignon ;
Designación de volumen o secuencia 2
9 (RLIN) 186216
852 ## - LOCALIZACIÓN
Ubicación ES-MaACL
Número de control de estantería F-1194(2)
Holdings
Estatus retirado Estado de pérdida Estado de daño No para préstamo Colección Biblioteca de origen Biblioteca actual Ubicación en estantería Fecha de adquisición Fuente de adquisición Total de préstamos Signatura topográfica completa Código de barras Visto por última vez Precio de reemplazo Tipo de ítem Koha
        Libros del s. XIX Biblioteca del Ateneo de Madrid Biblioteca del Ateneo de Madrid Depósito 2 17/01/2008     F-1194(2) 1120249 23/02/2023 23/02/2023 Libro impreso antiguo